|
|
|
|
| LEADER |
00000nab a2200000 a 4500 |
| 001 |
vtls000630369 |
| 003 |
SK-MaSNL |
| 005 |
20260304091606.0 |
| 008 |
250425c1996 xo 0 slo |
| 015 |
|
|
|a SNBRB19rr/mm-uuuuu
|
| 035 |
|
|
|a CL0630508
|
| 035 |
|
|
|a (urnnbn)urn:nbn:sk:snk:ar-00275x
|
| 035 |
|
|
|a (uuid)92092279-1d3b-4169-8c68-c0d4b9acfa0c
|
| 035 |
|
|
|a urn:nbn:sk:snk-ab7r12
|
| 040 |
|
|
|a SNKBUCL
|b slo
|c SNKBUCL
|e AACR2
|
| 041 |
0 |
|
|a slo
|
| 044 |
|
|
|a xo
|c SK
|
| 080 |
|
|
|a 789.9
|2 1981
|
| 100 |
1 |
|
|a Ďuriš, Juraj,
|d 1954-
|4 aut
|9 40096
|
| 245 |
1 |
0 |
|a Mýtus obrov sa rozpadá!?
|c Juraj Ďuriš
|
| 300 |
|
|
|b Fotogr. 12
|
| 650 |
0 |
7 |
|a hudba elektroakustická slovenská
|2 snkbucl
|9 985038
|
| 655 |
|
7 |
|a články z novín a časopisov
|2 snkbucl
|9 267496
|
| 773 |
0 |
|
|t Slovenská hudba
|g Roč. 22, č. 1-2 (1996), s. 136-146
|
| 850 |
|
|
|a Slovenská národná knižnica
|
| 852 |
|
|
|a Slovenská národná knižnica
|
| 954 |
|
|
|a odborná, vedecká literatúra pôvodná (slovenská)
|2 lita
|
| 958 |
|
|
|a article9
|
| 958 |
|
|
|a OND
|
| 958 |
|
|
|a SK
|
| 958 |
|
|
|a RK
|
| 958 |
|
|
|a EUIPO
|
| 992 |
|
|
|a RBX
|
| 999 |
|
|
|c 2815949
|d 2817879
|